[Event "23rd ETCC Women 2021"]
[Site "Catez"]
[Date "2021.11.14"]
[Round "2.36"]
[White "Navrotescu, Andreea"]
[Black "Sibajeva, Marija"]
[Result "0-1"]
[WhiteElo "2210"]
[BlackElo "1946"]
[Annotator "NA"]
[PlyCount "87"]
[EventDate "2021.11.08"]
[EventType "team-tourn"]
[EventCountry "SLO"]
[SourceTitle "playchess.com"]
[Source "ChessBase"]
[SourceQuality "1"]
[WhiteTeam "FRA"]
[BlackTeam "LTU"]
[WhiteTeamCountry "FRA"]
[BlackTeamCountry "LTU"]
[TimeControl "40/5400+30:1800+30"]

1. c4 {[%emt 0:00:03]} e5 {[%emt 0:00:07]} 2. Nc3 {[%emt 0:00:07]} d6 {[%emt 0:
00:15]} 3. g3 {[%emt 0:00:14]} f5 {[%emt 0:00:17]} 4. d4 {[%emt 0:01:19]} e4 {
[%emt 0:07:07]} 5. Bg2 {[%emt 0:04:11]} Nf6 {[%emt 0:00:27]} 6. f3 {[%emt 0:00:
47]} exf3 {[%emt 0:00:48]} 7. Nxf3 {[%emt 0:00:49]} c6 {[%emt 0:01:03]} 8. d5 {
[%emt 0:07:45]} c5 {[%emt 0:06:02]} 9. O-O {[%emt 0:01:14]} g6 {[%emt 0:05:08]}
10. e4 {[%emt 0:05:48]} fxe4 {[%emt 0:03:42]} 11. Nxe4 {[%emt 0:08:05]} Nxe4 {
[%emt 0:04:01]} 12. Re1 {[%emt 0:00:21]} Be7 {[%emt 0:01:20]} 13. Rxe4 {
[%emt 0:01:00]} Bf5 {[%emt 0:01:40]} 14. Ng5 {[%emt 0:20:12]} O-O {[%emt 0:03:
56]} 15. Ne6 {[%emt 0:02:31]} Bxe6 {[%emt 0:00:08]} 16. Rxe6 {[%emt 0:01:13]}
Nd7 {[%emt 0:05:18]} 17. Bh6 {[%emt 0:02:42]} Rf7 {[%emt 0:01:25]} 18. Bh3 {
[%emt 0:02:08]} Nf8 {[%emt 0:00:57]} 19. Qe2 {[%emt 0:03:00]} Bf6 {[%emt 0:03:
31]} 20. Re4 {[%emt 0:13:21]} Bd4+ {[%emt 0:02:05]} 21. Kh1 {[%emt 0:03:47]}
Rf2 {[%emt 0:01:41]} 22. Qd3 {[%emt 0:00:32]} Qf6 {[%emt 0:02:05]} 23. Rae1 {
[%emt 0:05:58]} g5 {[%emt 0:09:28]} 24. Bxg5 {[%emt 0:00:19]} Qg6 {[%emt 0:00:
57]} 25. Bd2 {[%emt 0:04:09]} Qh5 {[%emt 0:05:50]} 26. Rh4 {[%emt 0:03:31]}
Qf3+ {[%emt 0:00:45]} 27. Qxf3 {[%emt 0:00:01]} Rxf3 {[%emt 0:00:09]} 28. Rf4 {
[%emt 0:04:51]} Rd3 {[%emt 0:04:37]} 29. Bc1 {[%emt 0:00:01]} Ng6 {[%emt 0:00:
20]} 30. Rff1 {[%emt 0:01:25]} Be5 {[%emt 0:01:14]} 31. Be6+ {[%emt 0:00:23]}
Kh8 {[%emt 0:00:27]} 32. Bf5 {[%emt 0:00:32]} Rd4 {[%emt 0:00:16]} 33. b3 {
[%emt 0:00:28]} Rf8 {[%emt 0:01:08]} 34. Be3 {[%emt 0:00:56]} Rxf5 {[%emt 0:02:
50]} 35. Rxf5 {[%emt 0:00:02]} Re4 {[%emt 0:00:20]} 36. Bd2 {[%emt 0:00:59]}
Rxe1+ {[%emt 0:00:35]} 37. Bxe1 {[%emt 0:00:02]} Kg7 {[%emt 0:00:12]} 38. h4 {
[%emt 0:00:48]} Bd4 {[%emt 0:00:32]} 39. g4 {[%emt 0:00:47]} Ne5 {[%emt 0:00:
15]} 40. Bg3 {[%emt 0:00:28]} Nf7 {[%emt 0:01:42]} 41. Kg2 {[%emt 0:30:21]} Be5
{[%emt 0:30:28]} 42. Rxf7+ {[%emt 0:00:44]} Kxf7 {[%emt 0:00:07]} 43. Bxe5 {
[%emt 0:00:03]} dxe5 {[%emt 0:00:04]} 44. Kf3 {[%emt 0:00:03]} 0-1

[Event "23rd ETCC Women 2021"]
[Site "Catez"]
[Date "2021.11.13"]
[Round "2.37"]
[White "Injac, Teodora"]
[Black "Atalik, Ekaterina"]
[Result "1/2-1/2"]
[WhiteElo "2387"]
[BlackElo "2430"]
[Annotator "NA"]
[PlyCount "60"]
[EventDate "2021.11.08"]
[EventType "team-tourn"]
[EventCountry "SLO"]
[SourceTitle "playchess.com"]
[Source "ChessBase"]
[SourceQuality "1"]
[WhiteTeam "Serbia"]
[BlackTeam "Turkey"]
[WhiteTeamCountry "SRB"]
[BlackTeamCountry "TUR"]
[TimeControl "40/5400+30:1800+30"]

1. d4 {[%emt 0:00:03]} Nf6 {[%emt 0:00:09]} 2. c4 {[%emt 0:00:19]} e6 {[%emt 0:
00:15]} 3. Nf3 {[%emt 0:00:21]} b6 {[%emt 0:00:16]} 4. a3 {[%emt 0:00:33]} Bb7
{[%emt 0:01:43]} 5. Nc3 {[%emt 0:04:51]} d5 {[%emt 0:00:36]} 6. Bg5 {[%emt 0:
00:47]} Be7 {[%emt 0:00:45]} 7. e3 {[%emt 0:02:48]} O-O {[%emt 0:01:11]} 8. Rc1
{[%emt 0:01:18]} c5 {[%emt 0:05:12]} 9. dxc5 {[%emt 0:04:45]} bxc5 {[%emt 0:01:
13]} 10. Be2 {[%emt 0:02:12]} Nbd7 {[%emt 0:02:19]} 11. O-O {[%emt 0:02:11]}
Rc8 {[%emt 0:02:42]} 12. h3 {[%emt 0:04:41]} Ne4 {[%emt 0:06:33]} 13. Bxe7 {
[%emt 0:07:07]} Qxe7 {[%emt 0:00:38]} 14. cxd5 {[%emt 0:01:24]} Nxc3 {[%emt 0:
00:19]} 15. Rxc3 {[%emt 0:00:05]} exd5 {[%emt 0:00:23]} 16. Qa4 {[%emt 0:30:03]
} d4 {[%emt 0:07:29]} 17. exd4 {[%emt 0:01:54]} Qxe2 {[%emt 0:01:34]} 18. Qxd7
{[%emt 0:00:16]} Qxb2 {[%emt 0:01:09]} 19. Rxc5 {[%emt 0:02:23]} Rcd8 {[%emt 0:
02:54]} 20. Qf5 {[%emt 0:06:49]} Qxa3 {[%emt 0:16:10]} 21. Ng5 {[%emt 0:03:54]}
g6 {[%emt 0:00:09]} 22. Qf6 {[%emt 0:00:05]} Rd7 {[%emt 0:19:28]} 23. Nxh7 {
[%emt 0:08:39]} Kxh7 {[%emt 0:00:20]} 24. Rh5+ {[%emt 0:00:05]} gxh5 {[%emt 0:
00:05]} 25. Qf5+ {[%emt 0:00:04]} Kh6 {[%emt 0:00:51]} 26. Qf6+ {[%emt 0:00:41]
} Kh7 {[%emt 0:00:05]} 27. Qf5+ {[%emt 0:00:04]} Kh6 {[%emt 0:00:05]} 28. Qf6+
{[%emt 0:00:29]} Kh7 {[%emt 0:00:18]} 29. Qf5+ {[%emt 0:00:12]} Kh6 {[%emt 0:
00:03]} 30. Qf6+ {[%emt 0:00:04]} Kh7 {[%emt 0:00:04]} 1/2-1/2

[Event "23rd ETCC Women 2021"]
[Site "Catez"]
[Date "2021.11.13"]
[Round "2.38"]
[White "Caglar, Sila"]
[Black "Velikic, Adela"]
[Result "1/2-1/2"]
[WhiteElo "2250"]
[BlackElo "2287"]
[Annotator "NA"]
[PlyCount "86"]
[EventDate "2021.11.08"]
[EventType "team-tourn"]
[EventCountry "SLO"]
[SourceTitle "playchess.com"]
[Source "ChessBase"]
[SourceQuality "1"]
[WhiteTeam "Turkey"]
[BlackTeam "Serbia"]
[WhiteTeamCountry "TUR"]
[BlackTeamCountry "SRB"]
[TimeControl "40/5400+30:1800+30"]

1. e4 {[%emt 0:00:03]} c6 {[%emt 0:00:05]} 2. d4 {[%emt 0:00:12]} d5 {[%emt 0:
00:05]} 3. exd5 {[%emt 0:00:10]} cxd5 {[%emt 0:00:07]} 4. Nf3 {[%emt 0:00:02]}
Nf6 {[%emt 0:00:18]} 5. Ne5 {[%emt 0:00:11]} Nc6 {[%emt 0:00:34]} 6. Bb5 {
[%emt 0:00:40]} Bd7 {[%emt 0:00:30]} 7. Nxd7 {[%emt 0:00:32]} Qxd7 {[%emt 0:00:
11]} 8. c3 {[%emt 0:02:16]} a6 {[%emt 0:02:18]} 9. Bd3 {[%emt 0:02:17]} e5 {
[%emt 0:16:53]} 10. dxe5 {[%emt 0:02:03]} Nxe5 {[%emt 0:00:07]} 11. O-O {
[%emt 0:04:18]} Bd6 {[%emt 0:10:28]} 12. Bg5 {[%emt 0:02:38]} Ne4 {[%emt 0:09:
17]} 13. Bxe4 {[%emt 0:07:38]} dxe4 {[%emt 0:00:09]} 14. Re1 {[%emt 0:06:14]}
O-O {[%emt 0:10:41]} 15. Nd2 {[%emt 0:08:16]} f5 {[%emt 0:06:48]} 16. Qb3+ {
[%emt 0:13:43]} Kh8 {[%emt 0:05:37]} 17. Nc4 {[%emt 0:01:53]} Nxc4 {[%emt 0:09:
31]} 18. Qxc4 {[%emt 0:00:02]} h6 {[%emt 0:01:13]} 19. Be3 {[%emt 0:02:10]}
Rac8 {[%emt 0:01:49]} 20. Qd4 {[%emt 0:01:54]} Qc7 {[%emt 0:04:23]} 21. g3 {
[%emt 0:08:37]} Be5 {[%emt 0:01:42]} 22. Qb6 {[%emt 0:02:18]} Qxb6 {[%emt 0:05:
19]} 23. Bxb6 {[%emt 0:00:04]} Rf6 {[%emt 0:00:32]} 24. Ba5 {[%emt 0:03:55]} b6
{[%emt 0:03:17]} 25. Bb4 {[%emt 0:00:10]} a5 {[%emt 0:00:57]} 26. Ba3 {[%emt 0:
02:02]} Bd6 {[%emt 0:01:06]} 27. Bxd6 {[%emt 0:00:49]} Rxd6 {[%emt 0:00:02]}
28. Rad1 {[%emt 0:00:25]} Rcd8 {[%emt 0:00:11]} 29. Rxd6 {[%emt 0:00:19]} Rxd6
{[%emt 0:00:05]} 30. Re2 {[%emt 0:00:11]} Kg8 {[%emt 0:02:52]} 31. Kg2 {
[%emt 0:01:10]} Rd3 {[%emt 0:01:02]} 32. Rc2 {[%emt 0:02:10]} Kf7 {[%emt 0:03:
25]} 33. c4 {[%emt 0:14:23]} Ke6 {[%emt 0:01:03]} 34. c5 {[%emt 0:00:39]} bxc5
{[%emt 0:00:50]} 35. Rxc5 {[%emt 0:00:01]} Rd2 {[%emt 0:00:13]} 36. Rxa5 {
[%emt 0:01:16]} Rxb2 {[%emt 0:02:29]} 37. Ra6+ {[%emt 0:05:47]} Ke5 {[%emt 0:
00:20]} 38. Ra5+ {[%emt 0:01:14]} Kf6 {[%emt 0:00:32]} 39. g4 {[%emt 0:02:11]}
fxg4 {[%emt 0:00:54]} 40. Kg3 {[%emt 0:00:21]} g6 {[%emt 0:00:57]} 41. Ra6+ {
[%emt 0:30:43]} Kf5 {[%emt 0:30:32]} 42. Ra5+ {[%emt 0:00:08]} Kf6 {[%emt 0:00:
00]} 43. Ra6+ {[%emt 0:00:00]} Kf5 {[%emt 0:00:00]} 1/2-1/2

[Event "23rd ETCC Women 2021"]
[Site "Catez"]
[Date "2021.11.13"]
[Round "2.39"]
[White "Eric, Jovana"]
[Black "Kocyigit, Buse Naz"]
[Result "1-0"]
[WhiteElo "2253"]
[BlackElo "2034"]
[Annotator "ChessBase"]
[PlyCount "141"]
[EventDate "2021.11.08"]
[EventType "team-tourn"]
[EventCountry "SLO"]
[SourceTitle "playchess.com"]
[Source "ChessBase"]
[SourceQuality "1"]
[WhiteTeam "Serbia"]
[BlackTeam "Turkey"]
[WhiteTeamCountry "SRB"]
[BlackTeamCountry "TUR"]
[TimeControl "40/5400+30:1800+30"]

1. e4 {[%emt 0:00:03]} c5 {[%emt 0:00:07]} 2. Nf3 {[%emt 0:00:08]} g6 {[%emt 0:
00:05]} 3. d4 {[%emt 0:00:15]} cxd4 {[%emt 0:00:04]} 4. Qxd4 {[%emt 0:00:25]}
Nf6 {[%emt 0:00:04]} 5. Nc3 {[%emt 0:00:21]} Nc6 {[%emt 0:02:48]} 6. Qa4 {
[%emt 0:00:37]} d6 {[%emt 0:01:30]} 7. e5 {[%emt 0:01:54]} dxe5 {[%emt 0:17:55]
} 8. Nxe5 {[%emt 0:00:19]} Bd7 {[%emt 0:00:34]} 9. Nxd7 {[%emt 0:01:57]} Qxd7 {
[%emt 0:00:26]} 10. Be3 {[%emt 0:03:16]} Bg7 {[%emt 0:03:59]} 11. Rd1 {[%emt 0:
07:22]} Qc8 {[%emt 0:17:21]} 12. Be2 {[%emt 0:09:54]} O-O {[%emt 0:00:11]} 13.
O-O {[%emt 0:00:18]} Qf5 {[%emt 0:07:12]} 14. h3 {[%emt 0:07:32]} a6 {[%emt 0:
16:41]} 15. Qb3 {[%emt 0:09:52]} b5 {[%emt 0:04:16]} 16. a4 {[%emt 0:08:19]}
Na5 {[%emt 0:02:46]} 17. Qb4 {[%emt 0:10:21]} Nc4 {[%emt 0:00:09]} 18. Bd3 {
[%emt 0:05:58]} Qc8 {[%emt 0:02:35]} 19. Bxc4 {[%emt 0:01:43]} bxc4 {[%emt 0:
03:30]} 20. Qxe7 {[%emt 0:01:32]} Qf5 {[%emt 0:03:31]} 21. Bd4 {[%emt 0:09:24]}
Rfe8 {[%emt 0:01:25]} 22. Qb4 {[%emt 0:09:08]} Rec8 {[%emt 0:05:14]} 23. Rd2 {
[%emt 0:02:59]} Rab8 {[%emt 0:01:48]} 24. Qa3 {[%emt 0:00:42]} Bf8 {[%emt 0:00:
40]} 25. Qa1 {[%emt 0:00:37]} Bh6 {[%emt 0:03:35]} 26. Re2 {[%emt 0:00:45]} Nh5
{[%emt 0:00:45]} 27. Ne4 {[%emt 0:02:22]} Rd8 {[%emt 0:02:57]} 28. Bc3 {
[%emt 0:01:04]} Rb6 {[%emt 0:01:37]} 29. Ng3 {[%emt 0:02:01]} Nxg3 {[%emt 0:00:
27]} 30. fxg3 {[%emt 0:00:04]} Qc5+ {[%emt 0:00:08]} 31. Kh2 {[%emt 0:00:06]}
f5 {[%emt 0:00:53]} 32. Qe1 {[%emt 0:00:27]} Kf7 {[%emt 0:00:43]} 33. Ba5 {
[%emt 0:03:17]} Rbb8 {[%emt 0:00:13]} 34. Re5 {[%emt 0:00:24]} Rd5 {[%emt 0:00:
30]} 35. Rxd5 {[%emt 0:01:28]} Qxd5 {[%emt 0:00:01]} 36. Bc3 {[%emt 0:00:26]}
Re8 {[%emt 0:00:07]} 37. Qf2 {[%emt 0:00:36]} Kg8 {[%emt 0:01:08]} 38. Re1 {
[%emt 0:00:35]} Rf8 {[%emt 0:00:26]} 39. Qd4 {[%emt 0:00:44]} Qxd4 {[%emt 0:00:
01]} 40. Bxd4 {[%emt 0:00:06]} Bg7 {[%emt 0:00:35]} 41. Bxg7 {[%emt 0:30:57]}
Kxg7 {[%emt 0:30:01]} 42. Re7+ {[%emt 0:00:00]} Kf6 {[%emt 0:00:00]} 43. Ra7 {
[%emt 0:00:00]} Rb8 {[%emt 0:00:00]} 44. Rxa6+ {[%emt 0:00:00]} Ke5 {[%emt 0:
00:00]} 45. Ra5+ {[%emt 0:00:00]} Kd4 {[%emt 0:00:00]} 46. Rb5 {[%emt 0:00:00]}
Rc8 {[%emt 0:00:00]} 47. Rb4 {[%emt 0:00:00]} Kc5 {[%emt 0:00:00]} 48. c3 {
[%emt 0:00:00]} Rd8 {[%emt 0:00:00]} 49. Kg1 {[%emt 0:00:00]} Rd2 {[%emt 0:00:
00]} 50. Kf1 {[%emt 0:00:00]} Rc2 {[%emt 0:00:16]} 51. Rb5+ {[%emt 0:00:00]}
Kc6 {[%emt 0:00:13]} 52. Rb8 {[%emt 0:00:00]} Rc1+ {[%emt 0:01:44]} 53. Ke2 {
[%emt 0:00:00]} Ra1 {[%emt 0:00:39]} 54. Ke3 {[%emt 0:00:00]} Rxa4 {[%emt 0:01:
36]} 55. Kd4 {[%emt 0:00:00]} Ra1 {[%emt 0:00:44]} 56. Kxc4 {[%emt 0:00:00]}
Rg1 {[%emt 0:00:16]} 57. b4 {[%emt 0:00:00]} Rxg2 {[%emt 0:00:16]} 58. b5+ {
[%emt 0:00:00]} Kc7 {[%emt 0:00:27]} 59. Rh8 {[%emt 0:00:00]} Rxg3 {[%emt 0:01:
02]} 60. Rxh7+ {[%emt 0:00:00]} Kb6 {[%emt 0:01:38]} 61. Rf7 {[%emt 0:00:00]}
Rg5 {[%emt 0:02:01]} 62. Rf6+ {[%emt 0:00:00]} Kc7 {[%emt 0:01:02]} 63. Kb4 {
[%emt 0:00:00]} Rg3 {[%emt 0:00:32]} 64. c4 {[%emt 0:00:00]} Rxh3 {[%emt 0:00:
28]} 65. Rxg6 {[%emt 0:00:00]} f4 {[%emt 0:00:27]} 66. Rf6 {[%emt 0:00:00]} Rh4
{[%emt 0:00:39]} 67. Rf7+ {[%emt 0:00:00]} Kd6 {[%emt 0:00:24]} 68. b6 {
[%emt 0:00:00]} Kc6 {[%emt 0:00:33]} 69. Rf6+ {[%emt 0:00:00]} Kb7 {[%emt 0:00:
32]} 70. Kb5 {[%emt 0:00:00]} Rh5+ {[%emt 0:00:27]} 71. c5 {[%emt 0:00:00]} 1-0

[Event "23rd ETCC Women 2021"]
[Site "Catez"]
[Date "2021.11.13"]
[Round "2.40"]
[White "Aydin, Gulenay"]
[Black "Gajcin, Marina"]
[Result "0-1"]
[WhiteElo "2114"]
[BlackElo "2198"]
[Annotator "NA"]
[PlyCount "48"]
[EventDate "2021.11.08"]
[EventType "team-tourn"]
[EventCountry "SLO"]
[SourceTitle "playchess.com"]
[Source "ChessBase"]
[SourceQuality "1"]
[WhiteTeam "Turkey"]
[BlackTeam "Serbia"]
[WhiteTeamCountry "TUR"]
[BlackTeamCountry "SRB"]
[TimeControl "40/5400+30:1800+30"]

1. e4 {[%emt 0:00:14]} c5 {[%emt 0:00:12]} 2. Nc3 {[%emt 0:00:13]} Nc6 {
[%emt 0:07:25]} 3. Bb5 {[%emt 0:00:20]} Nd4 {[%emt 0:01:39]} 4. Bc4 {[%emt 0:
00:17]} e6 {[%emt 0:01:43]} 5. Nge2 {[%emt 0:02:00]} Ne7 {[%emt 0:05:28]} 6.
Nxd4 {[%emt 0:08:04]} cxd4 {[%emt 0:00:05]} 7. Ne2 {[%emt 0:00:16]} Nc6 {
[%emt 0:02:43]} 8. O-O {[%emt 0:04:20]} Be7 {[%emt 0:02:09]} 9. d3 {[%emt 0:03:
16]} O-O {[%emt 0:03:44]} 10. h3 {[%emt 0:10:30]} b6 {[%emt 0:12:10]} 11. f4 {
[%emt 0:21:51]} Bb7 {[%emt 0:06:03]} 12. g4 {[%emt 0:02:26]} Na5 {[%emt 0:09:
15]} 13. Bb3 {[%emt 0:01:21]} Nxb3 {[%emt 0:02:53]} 14. axb3 {[%emt 0:00:59]}
f5 {[%emt 0:04:35]} 15. exf5 {[%emt 0:24:40]} Qc7 {[%emt 0:03:35]} 16. Ng3 {
[%emt 0:06:38]} Qc6 {[%emt 0:04:25]} 17. Rf2 {[%emt 0:01:29]} Bh4 {[%emt 0:08:
48]} 18. Kh2 {[%emt 0:00:40]} exf5 {[%emt 0:00:23]} 19. g5 {[%emt 0:01:19]} h6
{[%emt 0:03:04]} 20. Ra4 {[%emt 0:06:31]} hxg5 {[%emt 0:02:11]} 21. Rxd4 {
[%emt 0:01:27]} g4 {[%emt 0:05:04]} 22. hxg4 {[%emt 0:01:18]} Kf7 {[%emt 0:04:
54]} 23. Re2 {[%emt 0:01:11]} Bxg3+ {[%emt 0:00:21]} 24. Kxg3 {[%emt 0:00:15]}
Qf3+ {[%emt 0:00:05]} 0-1

[Event "23rd ETCC Women 2021"]
[Site "Catez"]
[Date "2021.11.13"]
[Round "2.41"]
[White "Georgescu, Lena"]
[Black "Unuk, Laura"]
[Result "1-0"]
[WhiteElo "2262"]
[BlackElo "2353"]
[Annotator "NA"]
[PlyCount "85"]
[EventDate "2021.11.08"]
[EventType "team-tourn"]
[EventCountry "SLO"]
[SourceTitle "playchess.com"]
[Source "ChessBase"]
[SourceQuality "1"]
[WhiteTeam "Switzerland"]
[BlackTeam "Slovenia"]
[WhiteTeamCountry "SUI"]
[BlackTeamCountry "SLO"]
[TimeControl "40/5400+30:1800+30"]

1. e4 {[%emt 0:00:04]} e5 {[%emt 0:00:16]} 2. Nf3 {[%emt 0:00:06]} Nc6 {
[%emt 0:00:04]} 3. Bb5 {[%emt 0:00:08]} a6 {[%emt 0:00:17]} 4. Ba4 {[%emt 0:00:
05]} Nf6 {[%emt 0:00:04]} 5. O-O {[%emt 0:00:20]} Nxe4 {[%emt 0:01:25]} 6. d4 {
[%emt 0:00:25]} b5 {[%emt 0:00:21]} 7. Bb3 {[%emt 0:00:04]} d5 {[%emt 0:00:15]}
8. dxe5 {[%emt 0:00:09]} Be6 {[%emt 0:00:05]} 9. c3 {[%emt 0:00:14]} Bc5 {
[%emt 0:02:53]} 10. Nbd2 {[%emt 0:00:13]} O-O {[%emt 0:00:32]} 11. Bc2 {
[%emt 0:00:47]} Nxf2 {[%emt 0:05:22]} 12. Rxf2 {[%emt 0:00:06]} Bxf2+ {[%emt 0:
00:04]} 13. Kxf2 {[%emt 0:00:06]} f6 {[%emt 0:00:04]} 14. Nf1 {[%emt 0:09:49]}
fxe5 {[%emt 0:10:04]} 15. Kg1 {[%emt 0:00:07]} Bg4 {[%emt 0:26:21]} 16. Ne3 {
[%emt 0:08:58]} Bxf3 {[%emt 0:09:00]} 17. gxf3 {[%emt 0:00:06]} Ne7 {[%emt 0:
04:14]} 18. Qd3 {[%emt 0:15:07]} g6 {[%emt 0:22:13]} 19. Ng4 {[%emt 0:01:01]}
Qd6 {[%emt 0:01:24]} 20. Bh6 {[%emt 0:05:37]} Rfe8 {[%emt 0:02:01]} 21. Bg5 {
[%emt 0:04:37]} Kf7 {[%emt 0:01:04]} 22. f4 {[%emt 0:18:08]} e4 {[%emt 0:02:02]
} 23. Qh3 {[%emt 0:01:01]} h5 {[%emt 0:01:43]} 24. Ne3 {[%emt 0:02:20]} Qe6 {
[%emt 0:03:20]} 25. f5 {[%emt 0:04:02]} Nxf5 {[%emt 0:01:08]} 26. Nxd5 {
[%emt 0:10:08]} Kg7 {[%emt 0:01:38]} 27. Bb3 {[%emt 0:09:28]} Qd6 {[%emt 0:02:
15]} 28. Ne3 {[%emt 0:01:10]} Qc5 {[%emt 0:00:59]} 29. Kh1 {[%emt 0:01:47]} Rf8
{[%emt 0:00:17]} 30. Rd1 {[%emt 0:00:48]} Rae8 {[%emt 0:03:25]} 31. Nxf5+ {
[%emt 0:06:14]} Qxf5 {[%emt 0:00:08]} 32. Rd7+ {[%emt 0:00:15]} Kh8 {[%emt 0:
00:04]} 33. Be3 {[%emt 0:01:42]} c5 {[%emt 0:00:29]} 34. Qxf5 {[%emt 0:01:10]}
Rxf5 {[%emt 0:00:08]} 35. Bd5 {[%emt 0:00:36]} Ree5 {[%emt 0:01:40]} 36. c4 {
[%emt 0:00:38]} bxc4 {[%emt 0:00:01]} 37. Bxc4 {[%emt 0:00:17]} g5 {[%emt 0:01:
07]} 38. b4 {[%emt 0:00:50]} Rf3 {[%emt 0:00:30]} 39. Bxc5 {[%emt 0:00:15]}
Rxc5 {[%emt 0:00:25]} 40. bxc5 {[%emt 0:00:03]} Rc3 {[%emt 0:00:20]} 41. c6 {
[%emt 0:31:16]} Rxc4 {[%emt 0:30:44]} 42. c7 {[%emt 0:00:04]} e3 {[%emt 0:00:
00]} 43. Rd8+ {[%emt 0:00:00]} 1-0

[Event "23rd ETCC Women 2021"]
[Site "Catez"]
[Date "2021.11.13"]
[Round "2.42"]
[White "Urh, Zala"]
[Black "Hakimifard, Ghazal"]
[Result "0-1"]
[WhiteElo "2332"]
[BlackElo "2267"]
[Annotator "NA"]
[PlyCount "120"]
[EventDate "2021.11.08"]
[EventType "team-tourn"]
[EventCountry "SLO"]
[SourceTitle "playchess.com"]
[Source "ChessBase"]
[SourceQuality "1"]
[WhiteTeam "Slovenia"]
[BlackTeam "Switzerland"]
[WhiteTeamCountry "SLO"]
[BlackTeamCountry "SUI"]
[TimeControl "40/5400+30:1800+30"]

1. d4 {[%emt 0:00:02]} Nf6 {[%emt 0:00:08]} 2. c4 {[%emt 0:00:16]} e6 {[%emt 0:
00:04]} 3. Nf3 {[%emt 0:00:06]} b6 {[%emt 0:00:08]} 4. g3 {[%emt 0:00:15]} Ba6
{[%emt 0:00:09]} 5. b3 {[%emt 0:00:24]} Bb4+ {[%emt 0:00:12]} 6. Bd2 {[%emt 0:
01:32]} Be7 {[%emt 0:00:06]} 7. Nc3 {[%emt 0:02:31]} c6 {[%emt 0:00:09]} 8. e4
{[%emt 0:01:07]} d5 {[%emt 0:00:20]} 9. Bd3 {[%emt 0:04:59]} c5 {[%emt 0:02:01]
} 10. exd5 {[%emt 0:19:41]} exd5 {[%emt 0:01:56]} 11. dxc5 {[%emt 0:02:20]}
dxc4 {[%emt 0:09:29]} 12. Bxc4 {[%emt 0:00:49]} Bxc4 {[%emt 0:06:32]} 13. bxc4
{[%emt 0:00:15]} O-O {[%emt 0:05:10]} 14. cxb6 {[%emt 0:05:59]} axb6 {[%emt 0:
00:11]} 15. O-O {[%emt 0:01:18]} Ra3 {[%emt 0:03:49]} 16. Re1 {[%emt 0:21:24]}
Bc5 {[%emt 0:07:39]} 17. Qc1 {[%emt 0:11:27]} Ng4 {[%emt 0:05:49]} 18. Re2 {
[%emt 0:10:41]} Qf6 {[%emt 0:16:41]} 19. Kg2 {[%emt 0:01:50]} Nc6 {[%emt 0:00:
55]} 20. Be1 {[%emt 0:03:54]} Nce5 {[%emt 0:16:34]} 21. Qf4 {[%emt 0:03:48]}
Qxf4 {[%emt 0:03:59]} 22. gxf4 {[%emt 0:00:05]} Nxc4 {[%emt 0:03:34]} 23. Rc1 {
[%emt 0:02:16]} Nd6 {[%emt 0:01:15]} 24. Nd5 {[%emt 0:02:07]} Rfa8 {[%emt 0:02:
00]} 25. h3 {[%emt 0:01:56]} Nf6 {[%emt 0:03:03]} 26. Nxf6+ {[%emt 0:00:05]}
gxf6 {[%emt 0:00:01]} 27. Rcc2 {[%emt 0:00:33]} R8a4 {[%emt 0:00:17]} 28. Nd2 {
[%emt 0:01:51]} Rxa2 {[%emt 0:03:01]} 29. Nb3 {[%emt 0:00:10]} Rxc2 {[%emt 0:
02:12]} 30. Rxc2 {[%emt 0:00:02]} Re4 {[%emt 0:00:38]} 31. Bc3 {[%emt 0:01:32]}
Rxf4 {[%emt 0:01:20]} 32. Nxc5 {[%emt 0:00:28]} bxc5 {[%emt 0:00:01]} 33. Bd2 {
[%emt 0:00:38]} Rc4 {[%emt 0:01:24]} 34. Ra2 {[%emt 0:00:04]} Nf5 {[%emt 0:00:
31]} 35. Kf3 {[%emt 0:00:58]} Kg7 {[%emt 0:00:51]} 36. Ra7 {[%emt 0:00:28]}
Nd4+ {[%emt 0:01:21]} 37. Ke3 {[%emt 0:00:22]} Ne6 {[%emt 0:00:17]} 38. Kf3 {
[%emt 0:00:42]} f5 {[%emt 0:00:48]} 39. Ra8 {[%emt 0:00:15]} Rc2 {[%emt 0:01:
41]} 40. Be3 {[%emt 0:00:42]} Rc3 {[%emt 0:01:01]} 41. Kg2 {[%emt 0:02:11]} f4
{[%emt 0:07:21]} 42. Bd2 {[%emt 0:00:09]} Rd3 {[%emt 0:00:32]} 43. Bc1 {
[%emt 0:00:52]} Rb3 {[%emt 0:00:11]} 44. Ra4 {[%emt 0:00:51]} Rb4 {[%emt 0:02:
04]} 45. Ra3 {[%emt 0:00:23]} Kg6 {[%emt 0:01:12]} 46. Bd2 {[%emt 0:00:48]} Rd4
{[%emt 0:00:05]} 47. Ba5 {[%emt 0:00:15]} Kf5 {[%emt 0:00:28]} 48. Rc3 {
[%emt 0:00:48]} Ra4 {[%emt 0:01:09]} 49. Bb6 {[%emt 0:00:09]} c4 {[%emt 0:00:
07]} 50. f3 {[%emt 0:01:03]} Ke5 {[%emt 0:01:22]} 51. h4 {[%emt 0:00:05]} h5 {
[%emt 0:01:26]} 52. Rc2 {[%emt 0:00:31]} Kd5 {[%emt 0:01:12]} 53. Rd2+ {
[%emt 0:00:32]} Kc6 {[%emt 0:00:01]} 54. Bf2 {[%emt 0:00:01]} Ra3 {[%emt 0:01:
42]} 55. Be1 {[%emt 0:00:22]} Rb3 {[%emt 0:00:57]} 56. Rc2 {[%emt 0:00:55]} Kd5
{[%emt 0:01:38]} 57. Rd2+ {[%emt 0:00:25]} Nd4 {[%emt 0:01:14]} 58. Ra2 {
[%emt 0:00:56]} Nxf3 {[%emt 0:00:22]} 59. Ra5+ {[%emt 0:00:21]} Ke4 {[%emt 0:
00:08]} 60. Bf2 {[%emt 0:00:10]} Ne5 {[%emt 0:00:24]} 0-1